Migračná politika v kontexte rozhodnutia Súdneho dvora EÚ

Analýza zodpovednosi členského štátu za plnenie záväzkov vyplývajcich z členstva v Euróspkej únii a inštitút solidarity, subsidiarity a proporcionality, ktoré mali vplyv na predmetné rozhodnutie.

Salvato in:
Dettagli Bibliografici
Autore principale: Hoffmann, Peter
Natura: Capitolo di libro
Lingua:slovacco
Soggetti:
Tags: Aggiungi Tag
Nessun Tag, puoi essere il primo ad aggiungerne!!

MARC

LEADER 00000nla a2200000 4500
001 0246469
005 20240417075142.0
041 0 |a slo 
044 |a SK 
245 1 0 |a Migračná politika v kontexte rozhodnutia Súdneho dvora EÚ  |c Peter Hoffmann 
520 |a Analýza zodpovednosi členského štátu za plnenie záväzkov vyplývajcich z členstva v Euróspkej únii a inštitút solidarity, subsidiarity a proporcionality, ktoré mali vplyv na predmetné rozhodnutie. 
610 2 0 |a právo európske 
610 2 0 |a právo medzinárodné 
610 2 0 |a politika migračná 
610 2 0 |a solidarita 
610 2 0 |a zodpovednosť právna 
100 1 |a Hoffmann, Peter